<?xml version="1.0" encoding="UTF-8"?>
<record
    xmlns:xsi="http://www.w3.org/2001/XMLSchema-instance"
    xsi:schemaLocation="http://www.loc.gov/MARC21/slim http://www.loc.gov/standards/marcxml/schema/MARC21slim.xsd"
    xmlns="http://www.loc.gov/MARC21/slim">

  <leader>01567cam a2200385   4500</leader>
  <controlfield tag="001">2548235</controlfield>
  <controlfield tag="003">YEEZEN</controlfield>
  <controlfield tag="005">20260112134526.0</controlfield>
  <controlfield tag="008">251212s2025    ch d   e      000 0 chi d</controlfield>
  <datafield tag="020" ind1=" " ind2=" ">
    <subfield code="a">9786267762066</subfield>
    <subfield code="q">(&#x5E73;&#x88DD;) :</subfield>
    <subfield code="c">&#x65B0;&#x81FA;&#x5E63;420&#x5143;</subfield>
  </datafield>
  <datafield tag="040" ind1=" " ind2=" ">
    <subfield code="a">SAN</subfield>
    <subfield code="b">chi</subfield>
    <subfield code="c">&#x6843;&#x5E02;&#x5716;</subfield>
    <subfield code="e">CCR</subfield>
  </datafield>
  <datafield tag="041" ind1="1" ind2=" ">
    <subfield code="a">chi</subfield>
    <subfield code="h">eng</subfield>
  </datafield>
  <datafield tag="042" ind1=" " ind2=" ">
    <subfield code="a">nbic</subfield>
  </datafield>
  <datafield tag="084" ind1=" " ind2=" ">
    <subfield code="a">415.934</subfield>
    <subfield code="2">ncsclt</subfield>
  </datafield>
  <datafield tag="090" ind1=" " ind2=" ">
    <subfield code="a">415.934</subfield>
  </datafield>
  <datafield tag="100" ind1="1" ind2=" ">
    <subfield code="a">&#x76AE;&#x5361;&#x4F5B;</subfield>
    <subfield code="c">(Piccaver, Matt)</subfield>
    <subfield code="e">&#x8457;</subfield>
  </datafield>
  <datafield tag="240" ind1="1" ind2="0">
    <subfield code="a">Dementia.</subfield>
    <subfield code="l">&#x4E2D;&#x6587;</subfield>
  </datafield>
  <datafield tag="245" ind1="1" ind2="0">
    <subfield code="a">&#x95DC;&#x65BC;&#x5931;&#x667A;, &#x91AB;&#x751F;&#x5E0C;&#x671B;&#x4F60;&#x73FE;&#x5728;&#x77E5;&#x9053;&#x7684;&#x4E8B; :</subfield>
    <subfield code="b">&#x8A3A;&#x65B7;&#x4F9D;&#x64DA;?&#x80FD;&#x6CBB;&#x7642;&#x55CE;?&#x600E;&#x9EBC;&#x7167;&#x8B77;?&#x7C3D;&#x6CD5;&#x5F8B;&#x6587;&#x4EF6;&#x6709;&#x6548;&#x529B;&#x55CE;&#x2026;&#x2026;&#x82F1;&#x570B;&#x6B0A;&#x5A01;&#x5BB6;&#x5EAD;&#x91AB;&#x751F;&#x7684;&#x7B2C;&#x4E00;&#x624B;&#x7814;&#x7A76;&#x5831;&#x544A;&#x3002; /</subfield>
    <subfield code="c">&#x9EA5;&#x7279;.&#x76AE;&#x5361;&#x4F5B;(Matt Piccaver)&#x8457; ; &#x8B1D;&#x6148;&#x8B6F;</subfield>
  </datafield>
  <datafield tag="246" ind1="1" ind2=" ">
    <subfield code="i">&#x539F;&#x6587;&#x526F;&#x984C;&#x540D; :</subfield>
    <subfield code="a">everything your doctor doesn't have time to tell you.</subfield>
  </datafield>
  <datafield tag="246" ind1="1" ind2="0">
    <subfield code="a">&#x8A3A;&#x65B7;&#x4F9D;&#x64DA;?&#x80FD;&#x6CBB;&#x7642;&#x55CE;?&#x600E;&#x9EBC;&#x7167;&#x8B77;?&#x7C3D;&#x6CD5;&#x5F8B;&#x6587;&#x4EF6;&#x6709;&#x6548;&#x529B;&#x55CE;&#x2026;&#x2026;&#x82F1;&#x570B;&#x6B0A;&#x5A01;&#x5BB6;&#x5EAD;&#x91AB;&#x751F;&#x7684;&#x7B2C;&#x4E00;&#x624B;&#x7814;&#x7A76;&#x5831;&#x544A;&#x3002;</subfield>
  </datafield>
  <datafield tag="246" ind1="1" ind2="3">
    <subfield code="a">&#x95DC;&#x65BC;&#x5931;&#x667A;, &#x91AB;&#x751F;&#x5FD9;&#x5230;&#x6C92;&#x544A;&#x8A34;&#x4F60;&#x7684;&#x4E8B;</subfield>
  </datafield>
  <datafield tag="250" ind1=" " ind2=" ">
    <subfield code="a">&#x4E8C;&#x7248;</subfield>
  </datafield>
  <datafield tag="260" ind1=" " ind2=" ">
    <subfield code="a">&#x81FA;&#x5317;&#x5E02; :</subfield>
    <subfield code="b">&#x5927;&#x662F;&#x6587;&#x5316;,</subfield>
    <subfield code="c">2025.09</subfield>
  </datafield>
  <datafield tag="300" ind1=" " ind2=" ">
    <subfield code="a">232&#x9762; :</subfield>
    <subfield code="b">&#x8868;&#x683C; ;</subfield>
    <subfield code="c">21&#x516C;&#x5206;</subfield>
  </datafield>
  <datafield tag="490" ind1="1" ind2=" ">
    <subfield code="a">Easy ;</subfield>
    <subfield code="v">138.</subfield>
  </datafield>
  <datafield tag="500" ind1=" " ind2=" ">
    <subfield code="a">&#x539F;&#x66F8;&#x540D;: &#x95DC;&#x65BC;&#x5931;&#x667A;, &#x91AB;&#x751F;&#x5FD9;&#x5230;&#x6C92;&#x544A;&#x8A34;&#x4F60;&#x7684;&#x4E8B;</subfield>
  </datafield>
  <datafield tag="500" ind1=" " ind2=" ">
    <subfield code="a">&#x9644;&#x9304;: &#x90A3;&#x4E9B;&#x4F60;&#x53EF;&#x4EE5;&#x63D0;&#x65E9;&#x6E96;&#x5099;&#x7684;&#x4E8B;&#x7B49;6&#x7A2E;</subfield>
  </datafield>
  <datafield tag="500" ind1=" " ind2=" ">
    <subfield code="a">&#x8B6F;&#x81EA;: Dementia : everything your doctor doesn't have time to tell you.</subfield>
  </datafield>
  <datafield tag="650" ind1=" " ind2="7">
    <subfield code="a">&#x5931;&#x667A;&#x75C7;</subfield>
    <subfield code="2">lcstt.</subfield>
  </datafield>
  <datafield tag="650" ind1=" " ind2="7">
    <subfield code="a">&#x963F;&#x8332;&#x6D77;&#x9ED8;&#x6C0F;&#x75C7;</subfield>
    <subfield code="2">lcstt.</subfield>
  </datafield>
  <datafield tag="650" ind1=" " ind2="7">
    <subfield code="a">&#x5065;&#x5EB7;&#x7167;&#x8B77;</subfield>
    <subfield code="2">lcstt.</subfield>
  </datafield>
  <datafield tag="700" ind1="1" ind2=" ">
    <subfield code="a">&#x8B1D;&#x6148;</subfield>
    <subfield code="e">&#x8B6F;</subfield>
  </datafield>
  <datafield tag="830" ind1=" " ind2="0">
    <subfield code="a">Easy ;</subfield>
    <subfield code="v">138.</subfield>
  </datafield>
  <datafield tag="942" ind1=" " ind2=" ">
    <subfield code="2">ccl</subfield>
    <subfield code="c">BOOK</subfield>
  </datafield>
  <datafield tag="999" ind1=" " ind2=" ">
    <subfield code="c">7684</subfield>
    <subfield code="d">7684</subfield>
  </datafield>
  <datafield tag="952" ind1=" " ind2=" ">
    <subfield code="0">0</subfield>
    <subfield code="1">0</subfield>
    <subfield code="2">ccl</subfield>
    <subfield code="4">0</subfield>
    <subfield code="7">0</subfield>
    <subfield code="a">yeezen</subfield>
    <subfield code="b">yeezen</subfield>
    <subfield code="c">YEEZEN</subfield>
    <subfield code="d">2026-01-12</subfield>
    <subfield code="l">2</subfield>
    <subfield code="m">1</subfield>
    <subfield code="o">415.934</subfield>
    <subfield code="p">C03270</subfield>
    <subfield code="r">2026-03-05 00:00:00</subfield>
    <subfield code="s">2026-02-23</subfield>
    <subfield code="w">2026-01-12</subfield>
    <subfield code="y">BOOK</subfield>
    <subfield code="z">&#x25CE;&#x963F;&#x8332;&#x6D77;&#x9ED8;&#x75C7;&#x3001;&#x5E15;&#x91D1;&#x68EE;&#x6C0F;&#x5931;&#x667A;&#x75C7;&#x2026;&#x2026;&#x5931;&#x667A;&#x75C7;&#x5C45;&#x7136;&#x5206;&#x9019;&#x9EBC;&#x591A;&#x7A2E;&#xFF0C;&#x600E;&#x9EBC;&#x5206;&#x8FA8;&#xFF1F; &#x25CE;&#x89AA;&#x4EBA;&#x591A;&#x534A;&#x6703;&#x6BD4;&#x60A3;&#x8005;&#x65E9;&#x767C;&#x73FE;&#xFF0C;&#x7279;&#x5225;&#x662F;&#x5973;&#x5152;&#x3002; &#x25CE;&#x5931;&#x667A;&#x7684;&#x4EBA;&#x53EF;&#x4EE5;&#x958B;&#x8ECA;&#x55CE;&#xFF1F;&#x4ED6;&#x5011;&#x7C3D;&#x7684;&#x6CD5;&#x5F8B;&#x6587;&#x4EF6;&#x6709;&#x6548;&#x55CE;&#xFF1F; &#x25CE;&#x6211;&#x9000;&#x4F11;&#x5F8C;&#x60F3;&#x642C;&#x5230;&#x9109;&#x4E0B;&#x4F4F;&#xFF1F;&#x91AB;&#x751F;&#x6703;&#x544A;&#x8A34;&#x4F60;&#xFF1A;&#x6700;&#x597D;&#x4E0D;&#x8981;&#x3002;</subfield>
  </datafield>
</record>
